[Event "15. Torneo Aficionados Benidorm s-2300"]
[Site "Benidorm ESP"]
[Date "2016.12.03"]
[Round "2.7"]
[White "Aroven, Mikael"]
[Black "Gomez Jurado, Luis Alberto"]
[Result "1/2-1/2"]
[WhiteElo "2121"]
[BlackElo "2248"]
[PlyCount "119"]
[EventDate "2016.12.02"]
[EventType "swiss"]
[EventRounds "10"]
[EventCountry "ESP"]
[SourceTitle "Ajedrez en Madrid"]
[Source "lmi"]
[SourceDate "2016.12.02"]

1. b3 e5 2. Bb2 Nc6 3. Nf3 e4 4. Ne5 Nf6 5. e3 Bd6 6. f4 exf3 7. Nxf3 O-O 8.
Be2 Ng4 9. O-O Nce5 10. Nxe5 Bxe5 11. Bxe5 Nxe5 12. d4 Ng6 13. e4 d5 14. exd5
Qxd5 15. Bf3 Qg5 16. Qd2 Qxd2 17. Nxd2 c6 18. g3 Rd8 19. c3 Be6 20. Ne4 Bd5 21.
Rae1 b6 22. c4 Bxe4 23. Bxe4 Rac8 24. d5 cxd5 25. Bxd5 Rc7 26. Re2 Kf8 27. h4
f6 28. h5 Ne7 29. Be4 h6 30. Rfe1 Rc5 31. g4 Re5 32. Bf3 Rxe2 33. Rxe2 Rd4 34.
Kf2 g5 35. hxg6 Nxg6 36. Ke3 Rd1 37. Rc2 Ra1 38. b4 Ke7 39. c5 bxc5 40. bxc5
Kd8 41. c6 Kc7 42. Rb2 Ne5 43. Rb7+ Kd6 44. Rxa7 Nxf3 45. Kxf3 Kxc6 46. Rh7 Rh1
47. a4 Kd6 48. a5 Ke6 49. a6 Ra1 50. Ra7 Ra3+ 51. Kf4 Ra4+ 52. Kg3 f5 53. Ra8
f4+ 54. Kf3 Kf6 55. Ra7 Kg6 56. Ra8 Kf6 57. a7 Kg7 58. Kf2 Ra3 59. Ke2 Kh7 60.
Kf2 1/2-1/2

[Event "15. Torneo Aficionados Benidorm s-2300"]
[Site "Benidorm ESP"]
[Date "2016.12.03"]
[Round "2.8"]
[White "Urukalovic, Roman"]
[Black "Garcia Garcia, Adrian Antonio"]
[Result "1/2-1/2"]
[WhiteElo "2243"]
[BlackElo "2138"]
[PlyCount "59"]
[EventDate "2016.12.02"]
[EventType "swiss"]
[EventRounds "10"]
[EventCountry "ESP"]
[SourceTitle "Ajedrez en Madrid"]
[Source "lmi"]
[SourceDate "2016.12.02"]

1. e4 e5 2. Nf3 d6 3. d4 exd4 4. Nxd4 a6 5. Nc3 Be7 6. Be2 Bf6 7. Nd5 Nc6 8.
Nxc6 bxc6 9. Nxf6+ Qxf6 10. O-O Ne7 11. f4 O-O 12. Bf3 Rb8 13. Rb1 Be6 14. b3
c5 15. f5 Bd7 16. Bb2 Qg5 17. Qe1 Nc6 18. Rd1 Rfe8 19. h4 Qd8 20. Qg3 f6 21.
Rfe1 Qe7 22. Bh5 Red8 23. Be2 a5 24. a4 Ne5 25. Bxe5 fxe5 26. Bc4+ Kh8 27. Rf1
Rf8 28. Qg5 Rf6 29. g3 Qd8 30. Ra1 1/2-1/2

[Event "15. Torneo Aficionados Benidorm s-2300"]
[Site "Benidorm ESP"]
[Date "2016.12.03"]
[Round "2.9"]
[White "Gromovs, Sergejs"]
[Black "Fernandez De Bobadilla, Gabriel"]
[Result "1-0"]
[WhiteElo "2119"]
[BlackElo "2241"]
[PlyCount "105"]
[EventDate "2016.12.02"]
[EventType "swiss"]
[EventRounds "10"]
[EventCountry "ESP"]
[SourceTitle "Ajedrez en Madrid"]
[Source "lmi"]
[SourceDate "2016.12.02"]

1. d4 Nf6 2. c4 e6 3. Nf3 b6 4. a3 Bb7 5. Nc3 d5 6. cxd5 Nxd5 7. Qc2 Nxc3 8.
bxc3 Nd7 9. e4 c5 10. Bd3 Qc7 11. O-O cxd4 12. Nxd4 Be7 13. f4 a6 14. Be2 Rc8
15. Bd2 Bc5 16. Qd3 e5 17. fxe5 Nxe5 18. Qg3 Ng6 19. Qh3 O-O 20. Kh1 Rce8 21.
Nf5 Bc8 22. Bd3 Bd6 23. Bc2 Be6 24. a4 Be5 25. Rad1 Rd8 26. Rf3 Rd7 27. Qh5
Rfd8 28. Rh3 Nf8 29. Qe2 g6 30. g4 Kh8 31. Ne3 Qc5 32. Be1 Rxd1 33. Nxd1 Kg8
34. Nf2 Qc8 35. Rd3 Nd7 36. Qd1 Bf6 37. Qf3 Kg7 38. Bd2 Be5 39. Qe3 Bc4 40.
Qh6+ Kg8 41. Rh3 Nf8 42. Be3 Qc6 43. Qg5 Bf6 44. Qf4 b5 45. axb5 axb5 46. g5
Bxc3 47. Ng4 Bg7 48. Nf6+ Bxf6 49. gxf6 Rd6 50. Qe5 Re6 51. Qb8 Re8 52. Qf4 Ne6
53. Qg4 1-0

[Event "15. Torneo Aficionados Benidorm s-2300"]
[Site "Benidorm ESP"]
[Date "2016.12.03"]
[Round "2.10"]
[White "Ibanez Aullana, Ramon"]
[Black "Sai Agni Jeevitesh, J."]
[Result "1/2-1/2"]
[WhiteElo "2240"]
[BlackElo "2115"]
[PlyCount "103"]
[EventDate "2016.12.02"]
[EventType "swiss"]
[EventRounds "10"]
[EventCountry "ESP"]
[SourceTitle "Ajedrez en Madrid"]
[Source "lmi"]
[SourceDate "2016.12.02"]

1. d4 d6 2. e4 Nf6 3. f3 Nbd7 4. Be3 e5 5. c4 Be7 6. Ne2 O-O 7. Nbc3 c6 8. Qd2
a6 9. d5 cxd5 10. cxd5 b5 11. Ng3 Nb6 12. b3 Ne8 13. Be2 g6 14. O-O Ng7 15. a3
Bh4 16. Na2 f5 17. exf5 Bxg3 18. hxg3 Nxf5 19. Bf2 Bb7 20. Nb4 Ne7 21. a4 bxa4
22. bxa4 a5 23. Nc6 Bxc6 24. dxc6 Nxc6 25. Rfd1 d5 26. Qe3 d4 27. Qe4 Qd5 28.
Qxd5+ Nxd5 29. Bc4 Rad8 30. Rac1 Ncb4 31. f4 Kg7 32. fxe5 Ne3 33. Bxe3 dxe3 34.
Re1 Nd3 35. Bxd3 Rxd3 36. Rc4 Rf2 37. Rf4 Rxf4 38. gxf4 Kf7 39. g3 Ke6 40. Kg2
Kf5 41. Kf3 e2+ 42. Kf2 g5 43. e6 Kxe6 44. Rxe2+ Kf6 45. fxg5+ Kxg5 46. Re5+
Kg4 47. Rxa5 Rf3+ 48. Ke2 Rxg3 49. Ra7 Ra3 50. Rxh7 Rxa4 51. Ke1 Ra8 52. Rh1
1/2-1/2

[Event "15. Torneo Aficionados Benidorm s-2300"]
[Site "Benidorm ESP"]
[Date "2016.12.03"]
[Round "2.11"]
[White "Santos, Jeovani Amaro Dias"]
[Black "Damia, Angelo"]
[Result "1/2-1/2"]
[WhiteElo "2105"]
[BlackElo "2233"]
[PlyCount "90"]
[EventDate "2016.12.02"]
[EventType "swiss"]
[EventRounds "10"]
[EventCountry "ESP"]
[SourceTitle "Ajedrez en Madrid"]
[Source "lmi"]
[SourceDate "2016.12.02"]

1. b3 e5 2. Bb2 Nc6 3. e3 Be7 4. Bb5 Bf6 5. Ne2 Nge7 6. O-O a6 7. Bxc6 Nxc6 8.
d4 d6 9. c4 O-O 10. Nbc3 g6 11. Nd5 Bg7 12. Qd2 e4 13. Rac1 Ne7 14. Nxe7+ Qxe7
15. d5 Bd7 16. Bxg7 Kxg7 17. Rfd1 b6 18. b4 a5 19. c5 axb4 20. cxb6 cxb6 21.
Rc7 Rfd8 22. Qxb4 Qe5 23. Nc3 Bf5 24. Qd4 Rac8 25. Rc6 Rxc6 26. dxc6 Rc8 27.
Qxe5+ dxe5 28. Rd6 Kf8 29. a3 Ke7 30. Nb5 Be6 31. c7 Bd7 32. Rxb6 Bxb5 33. Rxb5
Rxc7 34. h3 Kd6 35. Ra5 f5 36. g3 g5 37. Ra6+ Rc6 38. Ra7 f4 39. gxf4 gxf4 40.
exf4 exf4 41. Rxh7 Rc1+ 42. Kg2 Rc2 43. Kg1 Rc1+ 44. Kg2 Rc2 45. Kg1 Rc1+
1/2-1/2

[Event "15. Torneo Aficionados Benidorm s-2300"]
[Site "Benidorm ESP"]
[Date "2016.12.03"]
[Round "2.12"]
[White "Plass, Mariana-Camelia"]
[Black "Belousov, Gennadiy"]
[Result "1/2-1/2"]
[WhiteElo "2061"]
[BlackElo "2230"]
[PlyCount "52"]
[EventDate "2016.12.02"]
[EventType "swiss"]
[EventRounds "10"]
[EventCountry "ESP"]
[SourceTitle "Ajedrez en Madrid"]
[Source "lmi"]
[SourceDate "2016.12.02"]

1. d4 d5 2. c4 dxc4 3. Nf3 Nf6 4. Qc2 a6 5. Qxc4 b5 6. Qc2 Bb7 7. Nbd2 e6 8. a3
Nbd7 9. b4 a5 10. bxa5 Rxa5 11. Bb2 Qa8 12. e3 Bxa3 13. Bxa3 Rxa3 14. Rxa3 Qxa3
15. Bxb5 Qa1+ 16. Qb1 Qxb1+ 17. Nxb1 Bxf3 18. gxf3 Ke7 19. O-O Rb8 20. Na3 c5
21. dxc5 Nxc5 22. Rc1 Nfd7 23. Bxd7 Nxd7 24. Rc7 Ra8 25. Rc6 Ke8 26. Nb1 e5
1/2-1/2

[Event "15. Torneo Aficionados Benidorm s-2300"]
[Site "Benidorm ESP"]
[Date "2016.12.03"]
[Round "2.13"]
[White "Nieves Cabanes, Jose Manuel"]
[Black "Sahelices Casado, Roberto"]
[Result "0-1"]
[WhiteElo "2220"]
[BlackElo "2107"]
[PlyCount "96"]
[EventDate "2016.12.02"]
[EventType "swiss"]
[EventRounds "10"]
[EventCountry "ESP"]
[SourceTitle "Ajedrez en Madrid"]
[Source "lmi"]
[SourceDate "2016.12.02"]

1. Nf3 Nf6 2. c4 g6 3. b4 Bg7 4. Bb2 O-O 5. e3 d5 6. cxd5 Nxd5 7. Bxg7 Kxg7 8.
Qc1 Qd6 9. Qb2+ Kg8 10. a3 a5 11. b5 c5 12. bxc6 Nxc6 13. d4 Bg4 14. Nbd2 Bxf3
15. Nxf3 Rfe8 16. Bb5 Nc7 17. O-O Nxb5 18. Qxb5 e5 19. dxe5 Nxe5 20. Nxe5 Rxe5
21. Qxb7 Rb8 22. Qf3 Rb3 23. a4 Rb4 24. Rfd1 Qe7 25. Qa8+ Kg7 26. Rd8 Rf5 27.
Rf1 Rxa4 28. Rg8+ Kh6 29. Re8 Qf6 30. f4 Ra2 31. Rg8 Qe7 32. Qf3 Qh4 33. h3 Rb5
34. Kh2 Rbb2 35. Rg1 Re2 36. Qe4 Qf6 37. f5 Qd6+ 38. Kh1 Qg3 39. Qf4+ Qxf4 40.
exf4 Rf2 41. f6 Rxf4 42. Rd1 Kg5 43. Rd7 Kxf6 44. Rd3 h5 45. Rb8 h4 46. Rd6+
Kg7 47. Rb7 Rf1+ 48. Kh2 g5 0-1

[Event "15. Torneo Aficionados Benidorm s-2300"]
[Site "Benidorm ESP"]
[Date "2016.12.03"]
[Round "2.14"]
[White "Hristodorescu, Daniel"]
[Black "Blanco Gutierrez, Pedro"]
[Result "1-0"]
[WhiteElo "2219"]
[BlackElo "2090"]
[PlyCount "81"]
[EventDate "2016.12.02"]
[EventType "swiss"]
[EventRounds "10"]
[EventCountry "ESP"]
[SourceTitle "Ajedrez en Madrid"]
[Source "lmi"]
[SourceDate "2016.12.02"]

1. e4 c6 2. Nc3 d5 3. Nf3 Bg4 4. h3 Bxf3 5. Qxf3 e6 6. g3 Nf6 7. Bg2 Nbd7 8.
O-O Ne5 9. Qe2 d4 10. f4 dxc3 11. fxe5 Qd4+ 12. Kh2 cxd2 13. Bxd2 Qxe5 14. Bc3
Qc7 15. e5 Nd5 16. Bd2 g6 17. c4 Nb6 18. Ba5 Bc5 19. Rad1 Qe7 20. a3 Nd7 21.
Bc3 O-O 22. b4 Bb6 23. h4 a5 24. Bd2 axb4 25. Bg5 f6 26. exf6 Nxf6 27. Bh3 Kg7
28. axb4 h6 29. Bc1 e5 30. c5 Bc7 31. Qe3 Rh8 32. Rxf6 Qxf6 33. Rd7+ Kg8 34.
Rxc7 Rh7 35. Rxh7 Kxh7 36. Qxh6+ Kg8 37. h5 Ra4 38. hxg6 Qf2+ 39. Bg2 Qf6 40.
Qh7+ Kf8 41. g7+ 1-0

[Event "15. Torneo Aficionados Benidorm s-2300"]
[Site "Benidorm ESP"]
[Date "2016.12.04"]
[Round "3.1"]
[White "Bendayan Claros, Aaron"]
[Black "Hristodorescu, Daniel"]
[Result "0-1"]
[WhiteElo "2162"]
[BlackElo "2219"]
[PlyCount "114"]
[EventDate "2016.12.02"]
[EventType "swiss"]
[EventRounds "10"]
[EventCountry "ESP"]
[SourceTitle "Ajedrez en Madrid"]
[Source "lmi"]
[SourceDate "2016.12.02"]

1. d4 Nf6 2. c4 g6 3. Nc3 Bg7 4. e4 O-O 5. f3 d6 6. Be3 Nc6 7. Nge2 a6 8. Qd2
Na5 9. Nc1 Nd7 10. b4 Nc6 11. Rb1 e5 12. d5 Nd4 13. N1e2 Nxe2 14. Bxe2 f5 15.
exf5 gxf5 16. O-O Nf6 17. f4 Bd7 18. h3 Qe8 19. fxe5 dxe5 20. Bc5 Rf7 21. Bd3
b6 22. Bf2 Nh5 23. Rbe1 Nf4 24. Bc2 Bh6 25. Be3 Nxh3+ 26. Kh2 f4 27. Bd4 Qd8
28. Rxe5 Qh4 29. Qe1 Qg4 30. Bd1 f3 31. Bxf3 Qxd4 32. Re4 Qd2 33. Qh4 Ng5 34.
Nb1 Qxb4 35. Qxh6 Nxe4 36. Bxe4 Qd6+ 37. Qxd6 cxd6 38. Bf3 b5 39. cxb5 axb5 40.
Nc3 Bf5 41. Rf2 Bd3 42. Rb2 Rc7 43. Ne4 Bxe4 44. Bxe4 Rb8 45. Kg3 Rc4 46. Bf3
b4 47. Kf2 Kf7 48. Ke3 Kf6 49. Kd3 Rbc8 50. Bd1 Rf4 51. Bb3 Rc3+ 52. Ke2 h5 53.
Rb1 Rg3 54. Rh1 Rxg2+ 55. Ke3 Rf5 56. Bd1 Rxa2 57. Bxh5 Ra8 0-1

[Event "15. Torneo Aficionados Benidorm s-2300"]
[Site "Benidorm ESP"]
[Date "2016.12.04"]
[Round "3.2"]
[White "Jordan Martinez, Miguel"]
[Black "Sanchez Barbado, Carlos"]
[Result "1/2-1/2"]
[WhiteElo "2158"]
[BlackElo "2215"]
[PlyCount "71"]
[EventDate "2016.12.02"]
[EventType "swiss"]
[EventRounds "10"]
[EventCountry "ESP"]
[SourceTitle "Ajedrez en Madrid"]
[Source "lmi"]
[SourceDate "2016.12.02"]

1. e4 c5 2. Nf3 e6 3. d4 cxd4 4. Nxd4 Nf6 5. Nc3 Nc6 6. Ndb5 Bb4 7. a3 Bxc3+ 8.
Nxc3 d5 9. exd5 exd5 10. Bd3 d4 11. Ne2 O-O 12. O-O Bg4 13. f3 Bh5 14. Bg5 Bg6
15. Qd2 Qd6 16. Rad1 Rfd8 17. Bxg6 hxg6 18. Be3 Nd5 19. Bf2 Nc7 20. Nxd4 Ne6
21. c3 Ncxd4 22. Bxd4 Nxd4 23. Qxd4 Qc7 24. Qb4 Rd7 25. Rd4 Rxd4 26. Qxd4 a6
27. Rd1 Re8 28. c4 Qa5 29. Rd2 Qf5 30. h3 Qg5 31. Kh2 Kh7 32. b4 Re3 33. a4 f5
34. h4 Qe7 35. c5 Re1 36. Qf4 1/2-1/2

[Event "15. Torneo Aficionados Benidorm s-2300"]
[Site "Benidorm ESP"]
[Date "2016.12.04"]
[Round "3.3"]
[White "Jimenez Almeida, Luis David"]
[Black "Roig Aguilar, Alejandro"]
[Result "0-1"]
[WhiteElo "2215"]
[BlackElo "2150"]
[PlyCount "114"]
[EventDate "2016.12.02"]
[EventType "swiss"]
[EventRounds "10"]
[EventCountry "ESP"]
[SourceTitle "Ajedrez en Madrid"]
[Source "lmi"]
[SourceDate "2016.12.02"]

1. d4 Nf6 2. c4 e6 3. g3 Bb4+ 4. Bd2 Qe7 5. Bg2 Nc6 6. e3 d5 7. a3 Bxd2+ 8.
Nxd2 a5 9. Ne2 O-O 10. Qc2 Bd7 11. O-O Rfd8 12. Rac1 Rac8 13. Rfd1 Nb8 14. cxd5
exd5 15. h3 b6 16. Nf4 Bc6 17. Qf5 Bb7 18. g4 h6 19. g5 hxg5 20. Qxg5 Qd6 21.
Nc4 Qf8 22. Ne5 Rd6 23. Kh2 Nbd7 24. Rg1 c5 25. Nxd7 Rxd7 26. Bf3 Rd6 27. Rg2
cxd4 28. Rcg1 dxe3 29. fxe3 Rcd8 30. Bh5 Ne8 31. Bf3 Rf6 32. Rg4 Qd6 33. Rh4
Kf8 34. Kh1 Rh6 35. Rxh6 gxh6 36. Qf5 Qf6 37. Qh7 Bc6 38. Kh2 Ke7 39. Rg6 Qxb2+
40. Kg3 Rd6 41. Bh5 Qe5 42. Kf2 d4 43. Rg3 Kd8 44. Qd3 Nf6 45. Bf3 Bxf3 46.
Kxf3 Qxe3+ 47. Qxe3 dxe3 48. Rg7 Nd5 49. Rxf7 Nxf4 50. Rxf4 Re6 51. Ke2 Kc7 52.
h4 b5 53. h5 Kc6 54. Rg4 Kd5 55. a4 b4 56. Rg8 Re5 57. Rb8 Kc4 0-1

[Event "15. Torneo Aficionados Benidorm s-2300"]
[Site "Benidorm ESP"]
[Date "2016.12.04"]
[Round "3.4"]
[White "Sabater Sanchez, Asensio"]
[Black "Garcia Martin, Marta"]
[Result "1/2-1/2"]
[WhiteElo "2143"]
[BlackElo "2184"]
[PlyCount "189"]
[EventDate "2016.12.02"]
[EventType "swiss"]
[EventRounds "10"]
[EventCountry "ESP"]
[SourceTitle "Ajedrez en Madrid"]
[Source "lmi"]
[SourceDate "2016.12.02"]

1. d4 Nf6 2. Bf4 g6 3. e3 Bg7 4. Nf3 O-O 5. h3 b6 6. Be2 Bb7 7. O-O c5 8. c3 d6
9. Nbd2 Nbd7 10. a4 a6 11. Bh2 Qc7 12. Qb3 Bc6 13. Rfd1 Qb7 14. Ne1 b5 15. Bf3
Bxf3 16. Nexf3 Qc6 17. Qc2 c4 18. Re1 Rfe8 19. Ng5 h6 20. Nge4 Nxe4 21. Qxe4
Qxe4 22. Nxe4 f5 23. Nd2 e5 24. Kf1 Nb6 25. axb5 axb5 26. dxe5 dxe5 27. Nf3 Na4
28. Ra2 Rad8 29. Ke2 Rd3 30. Rc1 e4 31. Nd4 Bxd4 32. cxd4 Rb3 33. Kd2 Nxb2 34.
Rb1 Na4 35. Rxb3 cxb3 36. Ra1 Rc8 37. Rc1 Rc4 38. Be5 Nb6 39. Bd6 Nd5 40. Ba3
Ra4 41. Ra1 Kf7 42. Bb2 Nb6 43. Kc3 Rc4+ 44. Kxb3 Na4 45. Rc1 Rxc1 46. Bxc1 Ke6
47. Bd2 Kd5 48. Bc3 Nb6 49. Ba5 Nc4 50. Bb4 g5 51. Bf8 h5 52. Bh6 g4 53. hxg4
fxg4 54. g3 Kc6 55. Bf8 Nb6 56. Bh6 Nd5 57. Bg5 Kd7 58. Bh4 Ke6 59. Bg5 Kd6 60.
Bh4 Nb6 61. Kb4 Nc4 62. Kxb5 Nb2 63. Bg5 Kd5 64. Kb4 Nd3+ 65. Kc3 Nxf2 66. Kd2
Kc4 67. Bh4 Nd3 68. Bg5 Nb4 69. Bf6 Kb3 70. Be7 Nd5 71. Bg5 Nb6 72. Bf4 Kb2 73.
Bc7 Nd5 74. Bd8 Kb3 75. Bg5 Kc4 76. Bd8 Kb5 77. Bg5 Kc6 78. Bd8 Kd7 79. Bh4 Ke6
80. Bd8 Kf5 81. Bh4 Nb4 82. Ke2 Nc6 83. Kd2 Ke6 84. Bg5 Nb8 85. Bh4 Nd7 86. Bg5
Nf8 87. Ke2 Ng6 88. Bd8 Nh8 89. Bg5 Kf5 90. Bd8 Nf7 91. Be7 Ke6 92. Bh4 Nd6 93.
Kf2 Nf5 94. Bg5 Kd5 95. Bf4 1/2-1/2

[Event "15. Torneo Aficionados Benidorm s-2300"]
[Site "Benidorm ESP"]
[Date "2016.12.04"]
[Round "3.5"]
[White "Buyukasik, Diyap"]
[Black "Gromovs, Sergejs"]
[Result "1-0"]
[WhiteElo "2179"]
[BlackElo "2119"]
[PlyCount "101"]
[EventDate "2016.12.02"]
[EventType "swiss"]
[EventRounds "10"]
[EventCountry "ESP"]
[SourceTitle "Ajedrez en Madrid"]
[Source "lmi"]
[SourceDate "2016.12.02"]

1. Nf3 g6 2. e3 Bg7 3. d4 b6 4. Be2 Bb7 5. O-O d6 6. b3 Nd7 7. Bb2 Ngf6 8. c4
O-O 9. Nc3 a5 10. Qc2 e5 11. dxe5 dxe5 12. Rfd1 Re8 13. Nb5 Qb8 14. a3 e4 15.
Ng5 h6 16. Nh3 Bf8 17. Nc3 Ne5 18. Nf4 Bg7 19. Nfd5 Ned7 20. Nb5 Nxd5 21. Bxg7
Kxg7 22. cxd5 Nc5 23. b4 axb4 24. axb4 Rxa1 25. Rxa1 Na6 26. Qa4 Qd8 27. Rd1
Qd7 28. Qa1+ Kg8 29. Nc3 Qc8 30. Rd4 f5 31. d6 cxd6 32. Rxd6 Kh7 33. Rxb6 Re6
34. Rxe6 Qxe6 35. Bxa6 Bxa6 36. b5 Bb7 37. Qa7 Qd7 38. h3 h5 39. Qb8 Kg7 40.
Qe5+ Kf7 41. Qh8 Qc8 42. Qh7+ Kf6 43. Ne2 Bd5 44. Qa7 Qb7 45. Qc5 g5 46. Nd4
Qd7 47. Qb6+ Kg7 48. Qb8 h4 49. b6 Kg6 50. Qc7 Qf7 51. Nc6 1-0

[Event "15. Torneo Aficionados Benidorm s-2300"]
[Site "Benidorm ESP"]
[Date "2016.12.04"]
[Round "3.6"]
[White "Sahelices Casado, Roberto"]
[Black "Barbera Estelles, Rosendo"]
[Result "0-1"]
[WhiteElo "2107"]
[BlackElo "2178"]
[PlyCount "90"]
[EventDate "2016.12.02"]
[EventType "swiss"]
[EventRounds "10"]
[EventCountry "ESP"]
[SourceTitle "Ajedrez en Madrid"]
[Source "lmi"]
[SourceDate "2016.12.02"]

1. d4 Nf6 2. c4 g6 3. g3 Bg7 4. Bg2 O-O 5. Nc3 d6 6. Nf3 c6 7. O-O Qa5 8. e4 e5
9. d5 cxd5 10. cxd5 b5 11. Re1 b4 12. Nb1 Nbd7 13. Nbd2 Nc5 14. Nc4 Qc7 15.
Nfd2 a5 16. a4 Ba6 17. b3 Rac8 18. Bf1 Nfd7 19. Bb2 f5 20. Rc1 Nf6 21. exf5
gxf5 22. Nf3 Bb7 23. Ne3 Ng4 24. Ng5 Nxe3 25. fxe3 Qe7 26. Nh3 Qf7 27. Bc4 Ne4
28. Rf1 Qg6 29. Qe2 Bh6 30. Rce1 Rc7 31. Kh1 Rg7 32. Rg1 Nf6 33. Rd1 Ng4 34. e4
Qh5 35. Nf4 exf4 36. gxf4 Rg6 37. Rg2 Bxf4 38. exf5 Rxf5 39. Rf1 Rf8 40. Qe7
Bxd5 41. Qe4 Bxc4 42. Qxc4+ d5 43. Qd4 Qe5 44. Rxf4 Rxf4 45. Qxe5 Rf1+ 0-1

[Event "15. Torneo Aficionados Benidorm s-2300"]
[Site "Benidorm ESP"]
[Date "2016.12.04"]
[Round "3.7"]
[White "Nieves Cabanes, Javier"]
[Black "Gonzalez Acosta, Angel"]
[Result "1/2-1/2"]
[WhiteElo "2166"]
[BlackElo "2054"]
[PlyCount "27"]
[EventDate "2016.12.02"]
[EventType "swiss"]
[EventRounds "10"]
[EventCountry "ESP"]
[SourceTitle "Ajedrez en Madrid"]
[Source "lmi"]
[SourceDate "2016.12.02"]

1. Nf3 c5 2. c4 Nc6 3. g3 g6 4. Bg2 Bg7 5. O-O Nf6 6. Nc3 O-O 7. a3 e5 8. b4 d6
9. bxc5 dxc5 10. Rb1 Rb8 11. d3 h6 12. Qa4 Bd7 13. Ne1 Qc8 14. Be3 1/2-1/2

[Event "15. Torneo Aficionados Benidorm s-2300"]
[Site "Benidorm ESP"]
[Date "2016.12.04"]
[Round "3.8"]
[White "Lillo Castany, Victor"]
[Black "Nunez Garcia, Alberto"]
[Result "1/2-1/2"]
[WhiteElo "2290"]
[BlackElo "2053"]
[PlyCount "84"]
[EventDate "2016.12.02"]
[EventType "swiss"]
[EventRounds "10"]
[EventCountry "ESP"]
[SourceTitle "Ajedrez en Madrid"]
[Source "lmi"]
[SourceDate "2016.12.02"]

1. e4 c5 2. Nf3 Nc6 3. Bb5 e5 4. O-O Nge7 5. c3 g6 6. d4 cxd4 7. cxd4 exd4 8.
Nxd4 Bg7 9. Be3 O-O 10. Nc3 d5 11. exd5 Nxd5 12. Nxc6 bxc6 13. Nxd5 cxb5 14.
Bc5 Re8 15. Be7 Qa5 16. b4 Qa3 17. Nc7 Bxa1 18. Nxe8 Bf5 19. Nc7 Rc8 20. Nxb5
Qd3 21. Nxa7 Rc7 22. Qxa1 Rxe7 23. Nc6 Re8 24. Nd4 Bc8 25. Nf3 Bb7 26. Rd1 Qb5
27. Qd4 Qe2 28. Qd7 Bc6 29. Qd3 Qxa2 30. h3 Qa4 31. Nd4 Be4 32. Qd2 Rd8 33. Qe1
Re8 34. Ra1 Qd7 35. Qc3 Rc8 36. Qe3 Re8 37. Qc3 Rc8 38. Qb2 Rc4 39. Ne2 Rc2 40.
Ra8+ Bxa8 41. Qxc2 Qb7 42. f3 Qxb4 1/2-1/2

[Event "15. Torneo Aficionados Benidorm s-2300"]
[Site "Benidorm ESP"]
[Date "2016.12.04"]
[Round "3.9"]
[White "Solano Lasierra, Javier"]
[Black "Cano Gimenez, Vicente"]
[Result "1-0"]
[WhiteElo "2143"]
[BlackElo "2282"]
[PlyCount "43"]
[EventDate "2016.12.02"]
[EventType "swiss"]
[EventRounds "10"]
[EventCountry "ESP"]
[SourceTitle "Ajedrez en Madrid"]
[Source "lmi"]
[SourceDate "2016.12.02"]

1. d4 Nf6 2. Nf3 c5 3. d5 b5 4. Bg5 Ne4 5. Bh4 Bb7 6. Qd3 Qa5+ 7. c3 f5 8. Nbd2
c4 9. Qd4 Na6 10. Nxe4 fxe4 11. Ng5 b4 12. Rd1 bxc3 13. bxc3 Nc5 14. f3 exf3
15. exf3 h6 16. Ne4 Nxe4 17. fxe4 Rc8 18. Be2 Qxa2 19. Bh5+ Kd8 20. d6 Qxg2 21.
dxe7+ Kc7 22. Qd6# 1-0

[Event "15. Torneo Aficionados Benidorm s-2300"]
[Site "Benidorm ESP"]
[Date "2016.12.04"]
[Round "3.10"]
[White "Parligras, Cosmin"]
[Black "Rodriguez Garcia, Carlos"]
[Result "1/2-1/2"]
[WhiteElo "2277"]
[BlackElo "2142"]
[PlyCount "48"]
[EventDate "2016.12.02"]
[EventType "swiss"]
[EventRounds "10"]
[EventCountry "ESP"]
[SourceTitle "Ajedrez en Madrid"]
[Source "lmi"]
[SourceDate "2016.12.02"]

1. e4 e6 2. d4 d5 3. Nc3 Nf6 4. e5 Nfd7 5. f4 c5 6. Nf3 Nc6 7. Be3 cxd4 8. Nxd4
Bc5 9. Qd2 Nxd4 10. Bxd4 Bxd4 11. Qxd4 Qb6 12. Qxb6 Nxb6 13. O-O-O Bd7 14. Bd3
a6 15. Ne2 Ke7 16. Nd4 Bb5 17. Bxb5 axb5 18. Kb1 b4 19. Nb3 Rhc8 20. Rd4 Rc4
21. Rhd1 Rac8 22. R1d2 Rxd4 23. Nxd4 Nc4 24. Re2 Na5 1/2-1/2

[Event "15. Torneo Aficionados Benidorm s-2300"]
[Site "Benidorm ESP"]
[Date "2016.12.04"]
[Round "3.11"]
[White "Garcia Garcia, Adrian Antonio"]
[Black "Jimenez Martinez, Jose Vicente"]
[Result "1/2-1/2"]
[WhiteElo "2138"]
[BlackElo "2267"]
[PlyCount "37"]
[EventDate "2016.12.02"]
[EventType "swiss"]
[EventRounds "10"]
[EventCountry "ESP"]
[SourceTitle "Ajedrez en Madrid"]
[Source "lmi"]
[SourceDate "2016.12.02"]

1. e4 d6 2. d4 g6 3. Nf3 Bg7 4. Bc4 Nf6 5. Nc3 O-O 6. O-O c6 7. h3 b5 8. Bd3
Nbd7 9. Bf4 Qc7 10. Qd2 e5 11. dxe5 dxe5 12. Bh6 Nc5 13. Bxg7 Kxg7 14. Qe3 Ne6
15. Ne2 Nh5 16. g3 a6 17. c3 c5 18. b4 c4 19. Bc2 1/2-1/2

[Event "15. Torneo Aficionados Benidorm s-2300"]
[Site "Benidorm ESP"]
[Date "2016.12.04"]
[Round "3.12"]
[White "Buenafe Moya, Javier"]
[Black "Aroven, Mikael"]
[Result "0-1"]
[WhiteElo "2257"]
[BlackElo "2121"]
[PlyCount "69"]
[EventDate "2016.12.02"]
[EventType "swiss"]
[EventRounds "10"]
[EventCountry "ESP"]
[SourceTitle "Ajedrez en Madrid"]
[Source "lmi"]
[SourceDate "2016.12.02"]

1. c4 e5 2. Nc3 Nc6 3. g3 Bc5 4. Bg2 d6 5. Na4 Nge7 6. Nxc5 dxc5 7. Nf3 O-O 8.
O-O Bf5 9. d3 h6 10. Be3 Qd6 11. Re1 Rad8 12. a3 a5 13. Rc1 b6 14. Qa4 Qe6 15.
Bd2 e4 16. dxe4 Bxe4 17. Bf4 Qc8 18. Nh4 Bxg2 19. Nxg2 Rfe8 20. Rcd1 Nd4 21.
Be3 Nef5 22. Rb1 Qe6 23. Nf4 Qe4 24. Nd5 Rxd5 25. Qxe8+ Qxe8 26. cxd5 Nxe3 27.
fxe3 Qxe3+ 28. Kf1 Nxe2 29. Kg2 f5 30. Rbd1 f4 31. Rf1 Qe4+ 32. Kh3 f3 33. g4
Qe3 34. d6 cxd6 35. Rh1 0-1

[Event "15. Torneo Aficionados Benidorm s-2300"]
[Site "Benidorm ESP"]
[Date "2016.12.04"]
[Round "3.13"]
[White "De La Cruz Sanchez, Carlos G"]
[Black "Aracil Serra, Javier"]
[Result "1/2-1/2"]
[WhiteElo "2250"]
[BlackElo "2134"]
[PlyCount "134"]
[EventDate "2016.12.02"]
[EventType "swiss"]
[EventRounds "10"]
[EventCountry "ESP"]
[SourceTitle "Ajedrez en Madrid"]
[Source "lmi"]
[SourceDate "2016.12.02"]

1. e4 g6 2. d4 Bg7 3. c3 d6 4. Nf3 Nf6 5. Bd3 Nc6 6. h3 e5 7. O-O O-O 8. Re1
Nh5 9. Bf1 h6 10. Na3 Qf6 11. Be3 Re8 12. Nb5 Qe7 13. d5 Nb8 14. Nxa7 Bd7 15.
Nb5 Na6 16. a4 Nf4 17. Kh2 g5 18. g3 Ng6 19. Bg2 g4 20. hxg4 Bxg4 21. Qd2 Kh7
22. Rh1 Nc5 23. Kg1 Nb3 24. Qd1 Nxa1 25. Qxa1 Rh8 26. Qc1 Rxa4 27. Bxh6 Bxh6
28. Rxh6+ Kg7 29. Rxh8 Nxh8 30. Nh4 Ng6 31. Nf5+ Bxf5 32. exf5 Nf8 33. Qd1 Ra5
34. Nxc7 Qxc7 35. Qg4+ Ng6 36. Be4 Ra1+ 37. Kg2 Qc4 38. fxg6 Qf1+ 39. Kh2 Qxf2+
40. Bg2 fxg6 41. Qd7+ Qf7 42. Qxd6 Re1 43. Qd8 e4 44. d6 e3 45. d7 Rd1 46. Qe8
Qxd7 47. Qxe3 Rd2 48. c4 Qd4 49. Qe7+ Kg8 50. b3 Rxg2+ 51. Kxg2 Qb2+ 52. Kh3
Qxb3 53. Qe6+ Kg7 54. Qe5+ Kg8 55. Qd5+ Kg7 56. Qd4+ Kf7 57. Kh4 Qb1 58. Qd5+
Kf6 59. Qf3+ Qf5 60. Qc3+ Kf7 61. g4 g5+ 62. Kg3 Qf4+ 63. Kh3 Qf1+ 64. Kg3 Qf4+
65. Kh3 Qf1+ 66. Kg3 Qg1+ 67. Kf3 Qh1+ 1/2-1/2